| 000 | 03365nam0a2200385 4500 | ||
|---|---|---|---|
| 001 | RU\NLR\BIBL_A\022667225 | ||
| 005 | 20260406081704.0 | ||
| 010 |
_a978-5-238-04068-4 _91000 |
||
| 035 | _a(NLR Aleph) 022667225 | ||
| 090 |
_a13536024 _c13536024 |
||
| 100 | _a20251117d2025 u y0rusy50 ca | ||
| 101 | 0 | _arus | |
| 102 | _aRU | ||
| 105 | _ay|||j|||010yy | ||
| 181 | 0 |
_ai4 _baxxe |
|
| 182 | 0 | _an | |
| 200 | 1 |
_aАдвокат в уголовном процессе _eучебное пособие для студентов высших учебных заведений, обучающихся по направлению подготовки "Юриспруденция" _f[Н. А. Колоколов, доктор юридических наук, судья (в отставке), С. И. Володина, кандидат юридических наук, доцент, адвокат, А. П. Галоганов, заслуженный юрист РФ, доктор юридических наук, адвокат и др.] _gпод научной редакцией доктора юридических наук, профессора Н. А. Колоколова, кандидата юридических наук, доцента С. И. Володиной _gпод общей редакцией заслуженного юриста РФ, доктора юридических наук А. П. Галоганова, лауреата премии Правительства РФ в области науки и техники, лауреата премии Правительства РФ в области образования, кандидата юридических наук, кандидата исторических наук, доктора экономических наук, профессора Н. Д. Эриашвили _g[Международный научно-исследовательский центр судебной экспертизы и исследований] |
|
| 203 |
_aТекст _bвизуальный _cнепосредственный |
||
| 205 | _a4-е изд., перераб. и доп. | ||
| 210 |
_aМосква _cЮНИТИ, Закон и право _d2025 |
||
| 215 |
_a495 с. _d22 |
||
| 300 | _aАвт. указаны на 6-й с. | ||
| 300 | _aК 80-летию Победы в Великой Отечеств. войне | ||
| 320 | _aБиблиогр.: с. 476-491 (255 назв.) и в подстроч. примеч. | ||
| 606 | 1 |
_aАдвокат в уголовном процессе _jУчебные издания для высших учебных заведений _yРоссийская Федерация _92120372 _3RU\NLR\AUTH\661280456 |
|
| 686 | 1 | _aХ629.316я73 | |
| 701 | 1 |
_8rus _7ca _aКолоколов _bН. А. _f1955- _gНикита Александрович _3RU\NLR\AUTH\7746203 _929138 |
|
| 701 | 1 |
_aВолодина _bС. И. _gСветлана Игоревна |
|
| 701 | 1 |
_aГалоганов _bА. П. _gАлексей Павлович |
|
| 712 | 0 | 2 |
_4570 _aМеждународный научно-исследовательский центр судебной экспертизы и исследований _cМосква _9492593 _3RU\NLR\AUTH\880413667 |
| 942 | _cBOOK | ||
| 980 | _aNB | ||